| 000 | 00669cam a2200217 4500 | ||
|---|---|---|---|
| 001 | D10383 | ||
| 008 | 090401t1981 xxu||||| |||| 00| 0 eng d | ||
| 022 | _a0305-4713 | ||
| 035 | _a(Sirsi) u94891 | ||
| 041 | _aeng | ||
| 100 | _aChapman, D.H. | ||
| 245 | _aStatutory time limits, revised by Keith Davies | ||
| 260 | _c1981 | ||
| 350 | _a0 | ||
| 490 |
_aLand Agency and Agriculture Practice Leaflet _v16 |
||
| 520 | _aIn RICS Land Agency and Agriculture Division Practice leaflets no. 1 1974/9 | ||
| 700 | _aSarsons, A.R. | ||
| 710 |
_aRoyal Institution of Chartered Surveyors. Land Agency and Agriculture Division _91449 |
||
| 942 | _n0 | ||
| 948 | _c04/03/1997 | ||
| 999 |
_c98215 _d98215 |
||